[Event "Desafio da Velha Amizade # 03"]
[Site "http://www.queenalice.com/game.php?id=1417016"]
[Date "2016.4.6"]
[Round "-"]
[White "RJGF"]
[Black "blanenatelo05"]
[Result "0-1"]
[WhiteElo "1694"]
[BlackElo "2211"]

1. d4 Nf6 2. c4 e6 3. Nc3 Bb4 4. Nf3 Ne4 5. Qc2 d5 6. cxd5 exd5 7. a3 Bxc3+ 8.
bxc3 O-O 9. e3 Nc6 10. c4 Bf5 11. Bd3 Re8 12. O-O dxc4 13. Bxe4 Bxe4 14. Qc3 Qd5
15. Ne1 Re6 16. f3 Bd3 17. Nxd3 cxd3 18. Qxd3 Rg6 19. Bb2 Ne5 20. Qe4 Qxe4 21.
fxe4 Nc4 22. Bc1 c6 23. d5 Re8 24. Rf4 cxd5 25. exd5 Nxe3 26. Bxe3 Rxe3 27. Rc1
Re8 28. Rd1 Rd6 29. Rdf1 Re7 30. Rc4 h6 31. Rd1 g5 32. a4 Kg7 33. h3 f5 34. Kf2
Kf6 35. a5 Re4 36. Rc7 Ra4 37. Rxb7 Rxa5 38. Ke3 a6 39. g3 Rb5 40. Rxb5 axb5 41.
Kd4 Ra6 42. Kc5 Ke7 43. Kb4 Kd6 44. Rd3 Rb6 45. Ka5 Rb8 46. Kb4 Rc8 47. Rd4 Rc5
48. h4 Rxd5 49. Rxd5+ Kxd5 0-1

[Event "Desafio da Velha Amizade # 04"]
[Site "http://www.queenalice.com/game.php?id=1417017"]
[Date "2016.4.6"]
[Round "-"]
[White "RJGF"]
[Black "blanenatelo05"]
[Result "0-1"]
[WhiteElo "1559"]
[BlackElo "2210"]

1. d4 Nf6 2. Nf3 d6 3. c4 Bf5 4. Nc3 Nbd7 5. e3 e5 6. dxe5 dxe5 7. Be2 c6 8. O-O
Bb4 9. Qb3 Bxc3 10. Qxc3 Ne4 11. Qb3 Ndc5 12. Qd1 Qc7 13. b4 Nc3 14. Qe1 Nxe2+
15. Kh1 Nxc1 16. Qxc1 Ne6 17. Qb2 f6 18. Rad1 g5 19. Rfe1 O-O 20. h3 h5 21. e4
Bg6 22. Re3 Rad8 23. Qb3 Rxd1+ 24. Qxd1 Rd8 25. Qb3 Kh8 26. c5 Nd4 27. Nxd4 exd4
28. Rf3 Qe5 29. Rg3 Qxe4 30. Rf3 Qe1+ 31. Kh2 d3 32. Rxf6 Qe5+ 0-1

[Event "Challenge"]
[Site "http://www.queenalice.com/game.php?id=1417721"]
[Date "2016.4.10"]
[Round "-"]
[White "blanenatelo05"]
[Black "Albator007"]
[Result "0-1"]
[WhiteElo "2178"]
[BlackElo "2143"]

1. e4 d5 2. exd5 Nf6 3. c4 e6 4. d4 exd5 5. Nc3 Bb4 6. Nf3 O-O 7. Be2 dxc4 8.
O-O Bxc3 9. bxc3 Be6 10. Bg5 Nbd7 11. Nd2 b5 12. Bf3 Rb8 13. Ne4 h6 14. d5 Bf5
15. Nxf6+ Nxf6 16. Bf4 Bd3 17. Re1 a5 18. g4 Nxd5 19. Bd2 b4 0-1

[Event "Desafio da Velha Amizade # 05"]
[Site "http://www.queenalice.com/game.php?id=1422244"]
[Date "2016.5.9"]
[Round "-"]
[White "blanenatelo05"]
[Black "RJGF"]
[Result "1-0"]
[WhiteElo "2212"]
[BlackElo "1692"]

1. e4 e5 2. Nf3 Nc6 3. d4 exd4 4. Nxd4 Bc5 5. Be3 Nf6 6. Nxc6 Bb4+ 7. Nxb4 O-O
8. Nc3 Re8 9. Bd3 d6 10. Nbd5 c6 11. Nxf6+ Qxf6 12. Qd2 a6 13. O-O h6 14. f4 b5
15. Rae1 b4 16. e5 dxe5 17. Ne4 Qd8 18. fxe5 Rxe5 19. Nf6+ gxf6 20. Bh7+ Kxh7
21. Qxd8 1-0

[Event "Desafio da Velha Amizade # 06"]
[Site "http://www.queenalice.com/game.php?id=1422245"]
[Date "2016.5.9"]
[Round "-"]
[White "RJGF"]
[Black "blanenatelo05"]
[Result "1-0"]
[WhiteElo "1784"]
[BlackElo "2213"]

1. e4 c5 2. Nf3 e6 3. Nc3 Nc6 4. d4 cxd4 5. Nxd4 Bb4 6. Nxc6 bxc6 7. Bd2 Nf6 8.
e5 Nd5 9. Nxd5 Bxd2+ 10. Qxd2 cxd5 11. O-O-O O-O 12. Bd3 Qb6 13. c3 Rb8 14. Rhe1
Ba6 15. Bxa6 Qxa6 16. a3 Rfc8 17. Re3 Qb6 18. Rh3 d4 19. Qc2 g6 20. Rxd4 Qxd4
21. cxd4 Rxc2+ 22. Kxc2 d6 23. Rb3 Rxb3 24. Kxb3 dxe5 25. dxe5 Kf8 26. Kc4 Ke8
27. b4 Kd7 28. Kc5 Kc7 29. a4 a6 30. h4 h6 31. g4 g5 32. hxg5 hxg5 33. f3 1-0

[Event "Desafio da Velha Amizade # 07"]
[Site "http://www.queenalice.com/game.php?id=1424498"]
[Date "2016.5.23"]
[Round "-"]
[White "blanenatelo05"]
[Black "RJGF"]
[Result "1-0"]
[WhiteElo "2190"]
[BlackElo "1856"]

1. e4 e5 2. Nf3 Nc6 3. d4 exd4 4. Nxd4 Bc5 5. Be3 d6 6. Nxc6 bxc6 7. Bxc5 d5 8.
Nc3 Ne7 9. exd5 cxd5 10. Be2 O-O 11. Bxe7 Qxe7 12. Nxd5 Qd8 13. O-O Bb7 14. Bf3
Bxd5 15. Bxd5 Rb8 16. b3 Qf6 17. Qg4 Rbd8 18. Bc4 Rd4 19. f4 Qb6 20. Kh1 Re8 21.
Rae1 Rde4 22. Rxe4 1-0

[Event "Desafio da Velha Amizade # 08"]
[Site "http://www.queenalice.com/game.php?id=1424499"]
[Date "2016.5.23"]
[Round "-"]
[White "blanenatelo05"]
[Black "RJGF"]
[Result "1-0"]
[WhiteElo "2197"]
[BlackElo "1879"]

1. e4 Nc6 2. d4 e6 3. c4 d5 4. cxd5 exd5 5. e5 Bf5 6. Bd3 Bxd3 7. Qxd3 Bb4+ 8.
Nc3 Qe7 9. Nh3 h6 10. O-O O-O-O 11. Bd2 Bxc3 12. bxc3 f6 13. Nf4 fxe5 14. Ng6
Qf6 15. Nxh8 e4 16. Qh3+ Kb8 17. Qh5 Rd7 18. Ng6 Qf7 19. Nf4 Qxh5 20. Nxh5 Rf7
21. Nf4 Nf6 22. h3 g5 23. Ne2 Na5 24. Nc1 Nc4 25. Nb3 Nxd2 26. Nxd2 Re7 27. Rfe1
g4 28. Re3 h5 29. Nf1 h4 30. Nh2 Rg7 31. Nxg4 Nxg4 32. hxg4 Rxg4 33. f3 Rg3 34.
Rf1 h3 35. fxe4 Rxg2+ 36. Kh1 c6 37. exd5 cxd5 38. Rf7 a5 39. Re8+ Ka7 40. Ree7
Rb2 41. Rd7 a4 42. Rxd5 Rxa2 43. Rb5 Ka6 44. Rfxb7 a3 45. R7b6+ Ka7 46. Rb1 Rc2
47. R6b4 a2 48. Ra4# 1-0

[Event "Desafio da Velha Amizade # 09"]
[Site "http://www.queenalice.com/game.php?id=1424500"]
[Date "2016.5.23"]
[Round "-"]
[White "RJGF"]
[Black "blanenatelo05"]
[Result "0-1"]
[WhiteElo "1853"]
[BlackElo "2192"]

1. d4 Nf6 2. c4 e6 3. Nc3 Bb4 4. Nf3 d5 5. cxd5 exd5 6. e3 O-O 7. a3 Bxc3+ 8.
bxc3 c5 9. Be2 c4 10. O-O Bf5 11. Nh4 Bc8 12. Nf3 Nc6 13. Re1 Ne4 14. Bb2 Qf6
15. Rf1 g5 16. Nd2 Nxd2 17. Qxd2 Qg6 18. f3 h5 19. e4 Be6 20. exd5 Bxd5 21. Bc1
f6 22. Bd1 Rae8 23. Re1 Rxe1+ 24. Qxe1 Re8 25. Qf2 Re7 26. Bc2 Qe8 27. Bf5 Re1+
0-1

[Event "Desafio da Velha Amizade # 10"]
[Site "http://www.queenalice.com/game.php?id=1424501"]
[Date "2016.5.23"]
[Round "-"]
[White "RJGF"]
[Black "blanenatelo05"]
[Result "0-1"]
[WhiteElo "1905"]
[BlackElo "2194"]

1. e4 Nf6 2. e5 Nd5 3. c4 Nb6 4. d4 e6 5. Nf3 Bb4+ 6. Nc3 O-O 7. a3 Bxc3+ 8.
bxc3 d6 9. Bd3 Nc6 10. O-O Bd7 11. Bf4 Na5 12. Qe2 Ba4 13. exd6 cxd6 14. c5 dxc5
15. dxc5 Nd5 16. Be5 Nb3 17. Bxg7 Kxg7 18. Qe4 Nf6 19. Qxa4 Nxc5 20. Qc2 Qxd3
21. Qxd3 Nxd3 22. Rad1 Rad8 23. Rb1 b6 24. Rfd1 Nc5 25. Ne5 Nfe4 26. Rxd8 Rxd8
27. Nc6 Rd7 28. c4 Nd2 29. Rc1 Ncb3 30. Rc2 Nxc4 31. h3 Nba5 32. Nxa5 Nxa5 33.
Rc3 Nb7 34. f4 Rd1+ 35. Kf2 Nc5 36. Ke2 Rb1 37. g4 Rb3 38. Rxb3 Nxb3 39. Kd3 h5
40. Kc3 hxg4 41. hxg4 Nc5 42. Kc4 Kf6 0-1

[Event "Desafio da Velha Amizade # 11"]
[Site "http://www.queenalice.com/game.php?id=1425735"]
[Date "2016.5.31"]
[Round "-"]
[White "blanenatelo05"]
[Black "RJGF"]
[Result "1-0"]
[WhiteElo "2199"]
[BlackElo "1872"]

1. e4 e5 2. Nf3 Nc6 3. d4 exd4 4. Nxd4 d5 5. Bb5 Bd7 6. exd5 Nxd4 7. Bxd7+ Qxd7
8. Qxd4 Nf6 9. c4 Bb4+ 10. Bd2 Bxd2+ 11. Nxd2 c6 12. O-O-O O-O 13. Ne4 Nxe4 14.
Qxe4 Rfe8 15. Qf3 cxd5 16. Rxd5 Qa4 17. Qb3 Qxb3 18. axb3 Re2 19. Rhd1 g6 20.
R1d2 Rae8 21. b4 h5 22. g3 R8e4 23. Rc5 b5 24. b3 Re1+ 25. Kc2 h4 26. Rxb5 hxg3
27. hxg3 Kg7 28. Ra5 Rf1 29. Rxa7 Ree1 30. b5 Rc1+ 31. Kd3 Rb1 32. Kc3 Rfc1+ 33.
Kb4 Rd1 34. Rxd1 Rxd1 35. b6 1-0

[Event "Desafio da Velha Amizade # 12"]
[Site "http://www.queenalice.com/game.php?id=1425736"]
[Date "2016.5.31"]
[Round "-"]
[White "RJGF"]
[Black "blanenatelo05"]
[Result "0-1"]
[WhiteElo "1918"]
[BlackElo "2183"]

1. d4 Nf6 2. c4 e6 3. Nc3 Bb4 4. Nf3 d5 5. cxd5 Nxd5 6. Bd2 Bxc3 7. bxc3 O-O 8.
e4 Nb6 9. Be2 Bd7 10. O-O Ba4 11. Qc1 N8d7 12. c4 c5 13. d5 Re8 14. dxe6 Rxe6
15. Ng5 Re8 16. Bd3 Ne5 17. Bc2 Bxc2 18. Qxc2 Nexc4 19. Nf3 Nxd2 20. Nxd2 Rc8
21. Rad1 Qf6 22. Rfe1 c4 23. Nf3 Rcd8 24. Rxd8 Rxd8 25. e5 Qg6 26. Qxg6 hxg6 27.
e6 f6 28. Nd4 Nc8 29. Nb5 Kf8 30. Nxa7 Ke7 31. Nxc8+ Rxc8 32. f4 Rc6 33. g4 Rxe6
34. Rb1 b6 35. a4 c3 36. Rc1 Rc6 37. Kf2 Rc4 38. Ke3 Kd6 39. h3 Kc5 40. Kd3 Kd5
41. Rxc3 Rxc3+ 42. Kxc3 Ke4 43. Kc4 Kxf4 44. Kb5 Kg3 45. Kxb6 f5 46. a5 f4 47.
a6 f3 48. a7 f2 49. a8=Q f1=Q 50. Qa3+ Qf3 51. Qd6+ Kxh3 52. Qxg6 Qf6+ 0-1

[Event "Desafio da Velha Amizade # 13"]
[Site "http://www.queenalice.com/game.php?id=1425737"]
[Date "2016.5.31"]
[Round "-"]
[White "blanenatelo05"]
[Black "RJGF"]
[Result "1-0"]
[WhiteElo "2201"]
[BlackElo "1912"]

1. e4 e5 2. Nf3 Nc6 3. d4 exd4 4. Nxd4 d5 5. Bb5 Ne7 6. e5 a6 7. Nxc6 bxc6 8.
Ba4 Bd7 9. O-O Ng6 10. Qe2 Bc5 11. Nd2 O-O 12. c3 d4 13. Nb3 Bb6 14. cxd4 Re8
15. Bd2 Re6 16. Ba5 Bxa5 17. Nxa5 c5 18. Nb7 Qc8 19. Bxd7 Qxd7 20. Nxc5 Qxd4 21.
Nxe6 fxe6 22. Rad1 Qxe5 23. Qxe5 Nxe5 24. Rfe1 Nc4 25. b3 Nd6 26. Rxe6 Kf7 27.
Rde1 Re8 28. Rxe8 Nxe8 29. Re3 Nd6 30. Re5 Nb5 31. a4 Nd4 32. Ra5 Nxb3 33. Rxa6
Ke7 34. a5 c5 35. Ra7+ Kf6 36. a6 c4 37. Rc7 Nd4 38. a7 Nb5 39. Rc6+ 1-0

[Event "Desafio da Velha Amizade # 14"]
[Site "http://www.queenalice.com/game.php?id=1425738"]
[Date "2016.5.31"]
[Round "-"]
[White "RJGF"]
[Black "blanenatelo05"]
[Result "1-0"]
[WhiteElo "1889"]
[BlackElo "2204"]

1. e4 c5 2. Nf3 d6 3. d4 cxd4 4. Qxd4 Nc6 5. Qd1 Nf6 6. Nc3 a6 7. Bd3 e6 8. O-O
Be7 9. Re1 Bd7 10. a3 O-O 11. e5 Nxe5 12. Nxe5 dxe5 13. Rxe5 Bc6 14. Bg5 Nd7 15.
Bxe7 Qxe7 16. Re3 Rad8 17. Rh3 f5 18. Qh5 g6 19. Qh6 Nf6 20. Qh4 Qg7 21. Ne2 Ng4
22. Nf4 Rd6 23. Nxe6 Rxe6 24. Bc4 Kh8 25. Bxe6 g5 26. Qg3 Qxb2 27. Re1 Re8 28.
Qc3+ Qxc3 29. Rxc3 Bd7 30. h3 Nxf2 31. Kxf2 Rxe6 32. Rxe6 Bxe6 33. Ke3 Bd5 34.
g3 Kg7 35. h4 h6 36. Kd4 Be4 37. Ke5 Kg6 38. hxg5 hxg5 39. g4 a5 40. gxf5+ Bxf5
41. Rc7 a4 42. c4 Bd3 43. Kd4 Bc2 44. Rxb7 g4 45. Ke3 Kf5 46. Rb5+ Kf6 47. c5
Bd1 48. c6 Ke7 49. Rc5 1-0

[Event "Desafio da Velha Amizade # 15"]
[Site "http://www.queenalice.com/game.php?id=1427167"]
[Date "2016.6.11"]
[Round "-"]
[White "blanenatelo05"]
[Black "RJGF"]
[Result "1-0"]
[WhiteElo "2187"]
[BlackElo "1913"]

1. e4 e5 2. Nf3 Nc6 3. d4 exd4 4. Nxd4 Bc5 5. Be3 Nf6 6. Nxc6 bxc6 7. Bxc5 d6 8.
Bd4 O-O 9. Nd2 Re8 10. Bd3 d5 11. e5 Ng4 12. O-O Nxe5 13. Bxh7+ Kf8 14. Bc5+ Re7
15. Qh5 1-0

[Event "Desafio da Velha Amizade # 16"]
[Site "http://www.queenalice.com/game.php?id=1427168"]
[Date "2016.6.11"]
[Round "-"]
[White "RJGF"]
[Black "blanenatelo05"]
[Result "1-0"]
[WhiteElo "1938"]
[BlackElo "2191"]

1. d4 d5 2. c4 dxc4 3. e4 c5 4. d5 Nf6 5. Qa4+ Bd7 6. Qxc4 e6 7. dxe6 Bxe6 8.
Qb5+ Qd7 9. Qxd7+ Nbxd7 10. Nc3 a6 11. Bf4 Be7 12. Nf3 O-O 13. Bd3 c4 14. Bc2
Bb4 15. O-O Nh5 16. Bd2 Rfd8 17. Ng5 Nc5 18. Rad1 h6 19. Nxe6 Nxe6 20. Nd5 Bxd2
21. Rxd2 Kf8 22. Rfd1 Rac8 23. Nb6 Rxd2 24. Rxd2 c3 25. Nxc8 cxd2 26. Nd6 Nd4
27. Bd1 b5 28. Bxh5 1-0

[Event "Desafio da Velha Amizade # 17"]
[Site "http://www.queenalice.com/game.php?id=1429548"]
[Date "2016.6.29"]
[Round "-"]
[White "blanenatelo05"]
[Black "RJGF"]
[Result "1-0"]
[WhiteElo "2171"]
[BlackElo "1922"]

1. e4 e5 2. Nf3 Nc6 3. d4 exd4 4. Nxd4 d6 5. Nc3 Nf6 6. Bg5 Be7 7. Bc4 O-O 8.
O-O Nxd4 9. Qxd4 c5 10. Qd2 h6 11. Bh4 a6 12. a4 Be6 13. Be2 d5 14. Bxf6 Bxf6
15. Nxd5 Bxd5 16. exd5 Qd6 17. c3 Rfe8 18. Bf3 Rad8 19. Rfe1 Re5 20. Rxe5 Bxe5
21. g3 Re8 22. Re1 b5 23. axb5 axb5 24. Bg2 Kf8 25. f4 Bf6 26. Rxe8+ Kxe8 27.
Qe2+ Qe7 28. Qxb5+ Kd8 29. Qb8+ Kd7 30. Bh3+ 1-0

[Event "Desafio da Velha Amizade # 18"]
[Site "http://www.queenalice.com/game.php?id=1429549"]
[Date "2016.6.29"]
[Round "-"]
[White "RJGF"]
[Black "blanenatelo05"]
[Result "1-0"]
[WhiteElo "1930"]
[BlackElo "2176"]

1. d4 d5 2. c4 Bf5 3. Nc3 e6 4. cxd5 exd5 5. e3 Nf6 6. Bd3 Bxd3 7. Qxd3 Nc6 8.
Nf3 Be7 9. O-O O-O 10. Bd2 Nb4 11. Qe2 c5 12. e4 cxd4 13. Nxd4 dxe4 14. Be3 Rc8
15. Rac1 Nd3 16. Rcd1 Ne5 17. Ne6 Qa5 18. Nxf8 Kxf8 19. Bd4 Bb4 20. Bxe5 Qxe5
21. Qb5 Bxc3 22. Qxb7 Rb8 23. Qxa7 Bxb2 24. Rb1 Ne8 25. Rfd1 Rc8 26. Rd7 Qf5 27.
Qb7 Rc1+ 28. Rxc1 Bxc1 29. Qb4+ Kg8 30. Rd8 h6 31. Rxe8+ Kh7 32. Qxe4 Qxe4 33.
Rxe4 Kg6 34. a4 Kf5 35. f3 Ba3 36. a5 Bc5+ 37. Kf1 g5 38. a6 f6 39. Ra4 Ba7 40.
Rb4 1-0

[Event "Desafio da Velha Amizade # 19"]
[Site "http://www.queenalice.com/game.php?id=1429550"]
[Date "2016.6.29"]
[Round "-"]
[White "blanenatelo05"]
[Black "RJGF"]
[Result "1-0"]
[WhiteElo "2157"]
[BlackElo "1956"]

1. c4 e5 2. Nc3 Nf6 3. Nf3 Nc6 4. g3 d6 5. Bg2 Be7 6. d3 O-O 7. O-O Bg4 8. h3
Bxf3 9. Bxf3 Re8 10. a3 a6 11. b4 Rb8 12. b5 Nd4 13. Bg2 axb5 14. e3 Ne6 15.
cxb5 d5 16. Bb2 d4 17. Ne4 Nxe4 18. Bxe4 Bc5 19. Qc1 b6 20. a4 Ng5 21. Bg2 Qf6
22. exd4 exd4 23. a5 Re2 24. a6 Nf3+ 25. Kh1 Nd2 26. a7 Ra8 27. Bxa8 Nxf1 28.
Qxf1 Rxf2 29. Qxf2 Qxf2 30. Bg2 Qxb2 31. a8=Q+ Bf8 32. Re1 Qxb5 33. Re8 Qc5 34.
Be4 Qc1+ 35. Kg2 Qd2+ 36. Kf3 Qe3+ 37. Kg4 h5+ 38. Kxh5 g6+ 39. Kh4 Qh6+ 40. Kg4
Qh5+ 41. Kf4 g5+ 42. Ke5 g4+ 43. Bf5 f6+ 44. Ke4 Qh6 45. Qd5+ 1-0

[Event "Desafio da Velha Amizade # 20"]
[Site "http://www.queenalice.com/game.php?id=1433391"]
[Date "2016.7.27"]
[Round "-"]
[White "blanenatelo05"]
[Black "RJGF"]
[Result "1-0"]
[WhiteElo "2163"]
[BlackElo "1933"]

1. e4 e5 2. Nf3 Nc6 3. d4 exd4 4. Nxd4 Bc5 5. Be3 d6 6. Nxc6 bxc6 7. Bxc5 dxc5
8. Qxd8+ Kxd8 9. Bc4 f6 10. Nc3 Ne7 11. Bf7 Rf8 12. O-O-O+ Bd7 13. Be6 Ke8 14.
Rxd7 Ng6 15. g3 Ne5 16. Rxc7 Rd8 17. Rd1 Rxd1+ 18. Kxd1 g5 19. Na4 Nf3 20. c3
Nxh2 21. Rxh7 Nf3 22. Nxc5 Ne5 23. f4 Ng4 24. Bd7+ 1-0

[Event "Desafio da Velha Amizade # 21"]
[Site "http://www.queenalice.com/game.php?id=1433392"]
[Date "2016.7.27"]
[Round "-"]
[White "RJGF"]
[Black "blanenatelo05"]
[Result "0-1"]
[WhiteElo "1937"]
[BlackElo "2168"]

1. e4 c5 2. Nf3 d6 3. c3 Nf6 4. d3 Nc6 5. Be2 e6 6. Bg5 Be7 7. Nbd2 Bd7 8. O-O
Qc7 9. Nc4 b5 10. Ne3 O-O 11. d4 Nxe4 12. Bxe7 Nxe7 13. d5 Nxd5 14. Nxd5 exd5
15. Qxd5 Bc6 16. Qd1 Rae8 17. Re1 h6 18. Bd3 g5 19. Nd2 Nxd2 20. Qxd2 d5 21.
Rxe8 Rxe8 22. Re1 Kg7 23. Rxe8 Bxe8 24. Bf5 Qe5 25. g4 Bc6 26. b4 cxb4 27. cxb4
d4 28. Qc1 Qd5 0-1

[Event "Desafio da Velha Amizade # 22"]
[Site "http://www.queenalice.com/game.php?id=1433393"]
[Date "2016.7.27"]
[Round "-"]
[White "blanenatelo05"]
[Black "RJGF"]
[Result "1-0"]
[WhiteElo "2165"]
[BlackElo "1951"]

1. e4 d6 2. d4 Nf6 3. Nc3 g6 4. f4 Bg7 5. Bd3 O-O 6. h3 Nbd7 7. Nf3 a6 8. a4 c5
9. d5 e5 10. dxe6 fxe6 11. e5 dxe5 12. Bc4 exf4 13. Bxe6+ Kh8 14. O-O Nh5 15.
Ne4 Ng3 16. Nfg5 Nxf1 17. Qxf1 Ne5 18. Bxf4 Qd4+ 19. Kh1 h6 20. c3 Qd8 21. Bxc8
Rxc8 22. Ne6 Qh4 23. Nxf8 Rxf8 24. g3 Qh5 25. Qg2 Nd3 26. Bd6 Rf3 27. Rf1 Rxf1+
28. Qxf1 Qd5 29. Qe2 Nxb2 30. Kh2 Nc4 31. Bxc5 Bxc3 32. Nxc3 Qxc5 33. Qe8+ Kg7
34. Ne4 Ne5 35. Nxc5 1-0

[Event "Desafio da Velha Amizade # 23"]
[Site "http://www.queenalice.com/game.php?id=1433394"]
[Date "2016.7.27"]
[Round "-"]
[White "RJGF"]
[Black "blanenatelo05"]
[Result "0-1"]
[WhiteElo "1937"]
[BlackElo "2173"]

1. d4 Nf6 2. c4 e6 3. Nc3 Bb4 4. a3 Bxc3+ 5. bxc3 c5 6. e3 d5 7. cxd5 exd5 8.
Nf3 c4 9. Be2 Bf5 10. O-O O-O 11. Nh4 Be6 12. Rb1 Qc7 13. a4 Nbd7 14. Ba3 Rfe8
15. Nf3 h6 16. Re1 Bf5 17. Rb2 Ne4 18. Qc1 Nb6 19. Bd1 Bd7 20. a5 Na4 21. Bxa4
Bxa4 22. Rb4 Bc6 23. Ne5 Qxa5 24. Nxc6 bxc6 25. Qb2 a6 26. f3 c5 27. dxc5 Nxc5
28. Qa1 Nd3 29. Bb2 Qxa1 30. Bxa1 Nxe1 31. Bb2 Rab8 32. Ba3 Rxb4 33. Bxb4 Nc2
0-1

[Event "Challenge"]
[Site "http://www.queenalice.com/game.php?id=1552145"]
[Date "2018.12.7"]
[Round "-"]
[White "RJGF"]
[Black "blanenatelo05"]
[Result "0-1"]
[WhiteElo "1870"]
[BlackElo "2173"]

1. e4 c5 2. Nf3 e6 3. c3 Nf6 4. e5 Nd5 5. Bc4 Nb6 6. Be2 Nc6 7. d4 cxd4 8. cxd4
Bb4+ 9. Nc3 O-O 10. Be3 Nd5 11. Bd2 b6 12. Nxd5 exd5 13. Bxb4 Nxb4 14. a3 Nc6
15. O-O d6 16. exd6 Qxd6 17. Re1 Bd7 18. Rc1 Rac8 19. Bb5 Rfe8 20. Bxc6 Bxc6 21.
Qc2 Rxe1+ 22. Rxe1 Bd7 23. Qd2 h6 24. Rc1 Rc6 25. Ne5 Rxc1+ 26. Qxc1 f6 27. Nxd7
Qxd7 28. Qf4 Kf7 29. g4 g5 30. Qf3 a5 31. Qd3 Qxg4+ 32. Kf1 Qe4 33. Qb3 Qxd4 34.
a4 Qc4+ 35. Qxc4 dxc4 36. Ke2 Ke6 37. Ke3 Ke5 38. h3 h5 39. f3 f5 40. f4+ gxf4+
41. Kf3 h4 42. Kf2 Ke4 43. Ke2 f3+ 44. Kf2 Kf4 45. Kg1 Kg3 0-1